书目信息 |
| 题名: |
铣床夹具
|
|
| 作者: | 金凤 编著 | |
| 分册: | ||
| 出版信息: | 北京 机械工业出版社 1966.05 |
|
| 页数: | 66页 | |
| 开本: | 18cm | |
| 丛书名: | ||
| 单 册: | ||
| 中图分类: | TG751.3 | |
| 科图分类: | ||
| 主题词: | 夹具 | |
| 电子资源: | ||
| ISBN: | ||
| 000 | 00462nam0 2200181 45 | |
| 001 | 0405211416 | |
| 005 | 20060519100235.68 | |
| 010 | @dCNY0.20 | |
| 100 | @a20040521d1966 km y0chiy0120 ea | |
| 101 | 0 | @achi |
| 200 | 1 | @a铣床夹具@AXi Chuang Jia Ju@f金凤编著@FJin Feng Bian Zhu |
| 210 | @a北京@c机械工业出版社@d1966.05 | |
| 215 | @a66页@d18cm | |
| 606 | 0 | @a夹具 |
| 690 | @aTG751.3@v3 | |
| 701 | 0 | @a金凤@4编著 |
| 801 | @aCN@bPftUser@c20060519 | |
| 905 | @dTG751.3@e18 | |
| 铣床夹具/金凤编著.-北京:机械工业出版社,1966.05 |
| 66页;18cm |
| ISBN :CNY0.20 |
| ● |
| 相关链接 |
|
|
|
|
正题名:铣床夹具
索取号:TG751.3/18
 
预约/预借
| 序号 | 登录号 | 条形码 | 馆藏地/架位号 | 状态 | 备注 |
| 1 | 0017472 | 001362858 | 第三借阅区/ [索取号:TG751.3/18] | 在馆 | |
| 2 | 0017473 | 001362894 | 第三借阅区/ [索取号:TG751.3/18] | 在馆 | |
| 3 | 0017478 | 202361434 | 密集书库/ [索取号:TG751.3/18] | 在馆 | |
| 4 | 0017479 | 001362938 | 第三借阅区/ [索取号:TG751.3/18] | 在馆 |